1990年代前半に開業した駅 - Statistics

General Stats
  • This quiz has been taken 18 times
    17 since last reset
  • The average score is 23 of 210
Answer Stats
駅名 開業日 所属県 % Correct
白島 1994/8/20 広島県
40%
潮見 1990/3/10 東京都
33%
北山 1990/10/24 京都府
33%
大町 1991/3/31 千葉県
33%
赤羽岩淵 1991/11/29 東京都
33%
王子神谷 1991/11/29 東京都
33%
志茂 1991/11/29 東京都
33%
練馬春日町 1991/12/10 東京都
33%
光が丘 1991/12/10 東京都
33%
野並 1994/3/30 愛知県
33%
大町 1994/8/20 広島県
33%
県庁前 1994/8/20 広島県
33%
城北 1994/8/20 広島県
33%
長楽寺 1994/8/20 広島県
33%
本通 1994/8/20 広島県
33%
福住 1994/10/14 北海道
33%
越中島 1990/3/10 東京都
27%
今福鶴見 1990/3/20 大阪府
27%
鶴見緑地 1990/3/20 大阪府
27%
横堤 1990/3/20 大阪府
27%
新鎌ヶ谷 1991/3/31 千葉県
27%
新柴又 1991/3/31 東京都
27%
東松戸 1991/3/31 千葉県
27%
西ケ原 1991/11/29 東京都
27%
桜本町 1994/3/30 愛知県
27%
桜山 1994/3/30 愛知県
27%
吹上 1994/3/30 愛知県
27%
瑞穂運動場 1994/3/30 愛知県
27%
瑞穂区役所 1994/3/30 愛知県
27%
広域公園前 1994/8/20 広島県
27%
南草津 1994/9/4 滋賀県
27%
蒲生四丁目 1990/3/20 大阪府
20%
栗東 1991/3/16 滋賀県
20%
北国分 1991/3/31 千葉県
20%
矢切 1991/3/31 千葉県
20%
味美 1991/12/1 愛知県
20%
小田井 1991/12/1 愛知県
20%
尾張星の宮 1991/12/1 愛知県
20%
新千歳空港 1992/7/1 北海道
20%
東比恵 1993/3/3 福岡県
20%
福岡空港 1993/3/3 福岡県
20%
新横浜北 1993/3/18 神奈川県
20%
センター北 1993/3/18 神奈川県
20%
センター南 1993/3/18 神奈川県
20%
中川 1993/3/18 神奈川県
20%
関西空港 1994/6/15 大阪府
20%
りんくうタウン 1994/6/15 大阪府
20%
祇園新橋北 1994/8/20 広島県
20%
中筋 1994/8/20 広島県
20%
古市 1994/8/20 広島県
20%
学園前 1994/10/14 北海道
20%
月寒中央 1994/10/14 北海道
20%
アイランドセンター 1990/2/21 兵庫県
13%
マリンパーク 1990/2/21 兵庫県
13%
南魚崎 1990/2/21 兵庫県
13%
唐木田 1990/3/27 東京都
13%
博多南 1990/4/1 福岡県
13%
万博記念公園 1990/6/1 大阪府
13%
水天宮前 1990/11/28 東京都
13%
大浦 1991/3/16 愛媛県
13%
吉野 1991/3/16 福岡県
13%
成田空港 1991/3/19 千葉県
13%
桃花台東 1991/3/25 愛知県
13%
秋山 1991/3/31 千葉県
13%
松飛台 1991/3/31 千葉県
13%
フラワータウン 1991/10/28 兵庫県
13%
比良 1991/12/1 愛知県
13%
大阪教育大前 1991/12/6 大阪府
13%
ハウステンボス 1992/3/10 長崎県
13%
千葉寺 1992/4/1 千葉県
13%
仲町台 1993/3/18 神奈川県
13%
新羽 1993/3/18 神奈川県
13%
羽田 1993/4/1 東京都
13%
新整備場 1993/9/27 東京都
13%
羽田空港 1993/9/27 東京都
13%
ふじみ野 1993/11/15 埼玉県
13%
鶴里 1994/3/30 愛知県
13%
牛田 1994/8/20 広島県
13%
大塚 1994/8/20 広島県
13%
大原 1994/8/20 広島県
13%
上安 1994/8/20 広島県
13%
高取 1994/8/20 広島県
13%
1994/8/20 広島県
13%
伴中央 1994/8/20 広島県
13%
西原 1994/8/20 広島県
13%
毘沙門台 1994/8/20 広島県
13%
安東 1994/8/20 広島県
13%
豊平公園 1994/10/14 北海道
13%
大原 1994/12/3 岡山県
13%
練馬高野台 1994/12/7 東京都
13%
空港第2ビル 1992/12/3 千葉県
13%
アイランド北口 1990/2/21 兵庫県
7%
いのつき 1990/3/10 長崎県
7%
今福鷹島口 1990/3/10 長崎県
7%
くりこま高原 1990/3/10 宮城県
7%
けやき台 1990/3/10 佐賀県
7%
佐世保中央 1990/3/10 長崎県
7%
1990/3/10 佐賀県
7%
鳴石 1990/3/10 佐賀県
7%
野中 1990/3/10 長崎県
7%
福島口 1990/3/10 佐賀県
7%
前浜 1990/3/10 長崎県
7%
山の田 1990/3/10 長崎県
7%
大学前 1990/3/29 滋賀県
7%
茨木 1990/6/1 大阪府
7%
サッポロビール庭園 1990/7/1 北海道
7%
内宿 1990/8/22 埼玉県
7%
欽明路 1990/9/27 山口県
7%
あかじ 1990/10/1 福岡県
7%
文化の森 1990/11/3 徳島県
7%
京セラ前 1991/3/16 滋賀県
7%
大学前 1991/3/16 長崎県
7%
中田平 1991/3/16 長崎県
7%
西木場 1991/3/16 長崎県
7%
波瀬 1991/3/16 佐賀県
7%
山谷 1991/3/16 佐賀県
7%
桃花台センター 1991/3/25 愛知県
7%
東田中 1991/3/25 愛知県
7%
多摩境 1991/4/6 東京都
7%
千鳥 1991/9/30 福岡県
7%
飯沼 1991/10/28 岐阜県
7%
豊田町 1991/12/14 静岡県
7%
笹原田 1992/3/14 栃木県
7%
下新田 1992/3/14 群馬県
7%
天矢場 1992/3/14 栃木県
7%
ひぐち 1992/3/14 茨城県
7%
呉ポートピア 1992/3/19 広島県
7%
甲浦 1992/3/26 高知県
7%
宍喰 1992/3/26 徳島県
7%
大森台 1992/4/1 千葉県
7%
天王洲アイル 1992/6/19 東京都
7%
泉中央 1992/7/15 宮城県
7%
平成 1992/7/15 熊本県
7%
地区センター 1992/12/3 千葉県
7%
広川ビーチ 1993/3/14 和歌山県
7%
近鉄宮津 1993/9/21 京都府
7%
公津の杜 1994/4/1 千葉県
7%
不動院前 1994/8/20 広島県
7%
柴原 1994/9/30 大阪府
7%
少路 1994/9/30 大阪府
7%
安芸長浜 1994/10/1 広島県
7%
本山 1994/10/3 長崎県
7%
美園 1994/10/14 北海道
7%
あわくら温泉 1994/12/3 岡山県
7%
石井 1994/12/3 兵庫県
7%
久崎 1994/12/3 兵庫県
7%
恋山形 1994/12/3 鳥取県
7%
河野原円心 1994/12/3 兵庫県
7%
苔縄 1994/12/3 兵庫県
7%
西粟倉 1994/12/3 岡山県
7%
平福 1994/12/3 兵庫県
7%
宮本武蔵 1994/12/3 岡山県
7%
山郷 1994/12/3 鳥取県
7%
野志 1994/12/15 岐阜県
7%
長里 1990/3/10 長崎県
0%
市場 1990/4/1 福岡県
0%
内田 1990/4/1 福岡県
0%
上金田 1990/4/1 福岡県
0%
東富岡 1990/4/1 群馬県
0%
人見 1990/4/1 福岡県
0%
いずみ中央 1990/4/4 神奈川県
0%
知内 1990/7/1 北海道
0%
食と緑博覧会 1990/8/8 宮崎県
0%
今川河童 1990/10/1 福岡県
0%
大藪 1990/10/1 福岡県
0%
新豊津 1990/10/1 福岡県
0%
奥大井湖上 1990/10/2 静岡県
0%
長島ダム 1990/10/2 静岡県
0%
ひらんだ 1990/10/2 静岡県
0%
長者ヶ浜潮騒はまなす公園前 1990/11/18 茨城県
0%
ガーラ湯沢 1990/12/20 新潟県
0%
藤棚 1990/12/22 福岡県
0%
葛岡 1991/3/16 宮城県
0%
さつき野 1991/3/16 新潟県
0%
上末 1991/3/25 愛知県
0%
小牧原 1991/3/25 愛知県
0%
桃花台西 1991/3/25 愛知県
0%
トロッコ嵐山 1991/4/27 京都府
0%
トロッコ亀岡 1991/4/27 京都府
0%
トロッコ嵯峨 1991/4/27 京都府
0%
トロッコ保津峡 1991/4/27 京都府
0%
穴川 1991/6/12 千葉県
0%
作草部 1991/6/12 千葉県
0%
千葉公園 1991/6/12 千葉県
0%
天台 1991/6/12 千葉県
0%
静内海水浴場 1991/7/20 北海道
0%
京成幕張本郷 1991/8/7 千葉県
0%
美夜古泉 1991/10/1 福岡県
0%
小野上温泉 1992/3/14 群馬県
0%
三国が丘 1992/3/25 福岡県
0%
下伊田 1992/4/1 福岡県
0%
南阿蘇水の生まれる里白水高原 1992/4/1 熊本県
0%
常盤 1992/9/7 岡山県
0%
仁愛グランド前 1992/9/10 福井県
0%
西黒崎 1992/10/25 福岡県
0%
守内かさ神 1993/3/17 山口県
0%
柿下温泉口 1993/3/18 福岡県
0%
東犀川三四郎 1993/3/18 福岡県
0%
西神南 1993/3/20 兵庫県
0%
岸里玉出 1993/4/18 大阪府
0%
佐賀公園 1993/10/1 高知県
0%
東新川 1993/10/19 群馬県
0%
県立美術館通 1993/11/1 高知県
0%
東山公園 1993/11/14 鳥取県
0%
高田 1994/3/1 長崎県
0%
舞松原 1994/3/1 福岡県
0%
循環器病センター 1994/4/10 群馬県
0%
きりはまビーチ 1994/7/23 兵庫県
0%
木津川台 1994/9/21 京都府
0%
緑化フェア梅小路 1994/9/23 京都府
0%
No matching quizzes found
Score Distribution
Percent of People with Each Score
Percentile by Number Answered
Your Score History
You have not taken this quiz since the last reset